[Event "Barcelona Sants op 21st"]
[Site "Barcelona"]
[Date "2019.08.23"]
[Round "1"]
[White "Bauer, Christian"]
[Black "Ijzermans, Cees"]
[Result "1-0"]
[WhiteElo "2626"]
[BlackElo "2119"]
[PlyCount "111"]
[EventDate "2019.08.23"]
[EventType "swiss"]
[EventRounds "10"]
[EventCountry "ESP"]
[SourceTitle "EXT 2020"]
[Source "ChessBase"]
[SourceDate "2019.10.17"]
[SourceVersion "1"]
[SourceVersionDate "2019.10.17"]
[SourceQuality "1"]

1. b3 Nf6 2. Bb2 g6 3. Bxf6 exf6 4. c4 d5 5. cxd5 Qxd5 6. Nc3 Qa5 7. a3 c6 8. e3 Bf5 9. Nf3 Bg7 10. b4 Qd8 11. d4 0-0 12. Bd3 Bxd3 13. Qxd3 Nd7 14. 0-0 f5 15. Rfd1 Nb6 16. Rac1 Qd6 17. Ne2 Rfe8 18. Qb3 Nd5 19. Nd2 Qe6 20. Kh1 Nb6 21. Nf4 Qd7 22. Nf3 Rad8 23. a4 Nd5 24. Nd3 Qe7 25. b5 cxb5 26. axb5 a5 27. bxa6 bxa6 28. Nc5 Qd6 29. Nb7 Qb8 30. Rb1 Rd7 31. Rdc1 Qa8 32. Qa4 Ree7 33. Nc5 Rd8 34. Qa5 h5 35. h3 Rd6 36. Rb3 Rd8 37. Rcb1 Bf6 38. Nb7 Rdd7 39. Nd6 Rd8 40. Nc4 Kg7 41. Nfe5 f4 42. Qa3 fxe3 43. fxe3 a5 44. Rb5 a4 45. Ra5 Qc8 46. Rxa4 Qf5 47. Rg1 Rc7 48. Ra8 Be7 49. Qa5 Rxa8 50. Qxa8 Nc3 51. Qa5 Qc8 52. Qxc3 f6 53. Qd3 fxe5 54. Nxe5 Qe6 55. Nf3 Rb7 56. d5 1-0

[Event "Berlin Spandau op"]
[Site "Berlin"]
[Date "2018.12.29"]
[Round "6"]
[White "Zimmermann, Tom"]
[Black "Ijzermans, Cees"]
[Result "0-1"]
[WhiteElo "1960"]
[BlackElo "2186"]
[PlyCount "58"]
[EventDate "2018.12.27"]
[EventType "swiss"]
[EventRounds "7"]
[EventCountry "GER"]
[SourceTitle "CBM 188 Extra"]
[Source "ChessBase"]
[SourceDate "2019.02.26"]
[SourceVersion "1"]
[SourceVersionDate "2019.02.26"]
[SourceQuality "1"]

1. d4 Nf6 2. Nf3 g6 3. c4 Bg7 4. Nc3 0-0 5. Bf4 c5 6. e3 d5 7. Be2 cxd4 8. Nxd4 a6 9. 0-0 dxc4 10. Bxc4 b5 11. Be2 Bb7 12. Bf3 Qb6 13. Rc1 Nbd7 14. Bxb7 Qxb7 15. Nf3 Nc5 16. h3 Rfd8 17. Qe2 b4 18. Nb1 Nd3 19. Rcd1 Qe4 20. Bh2 Nh5 21. b3 Nhf4 22. Bxf4 Nxf4 23. Rxd8+ Rxd8 24. Qxa6 Nxh3+ 25. Kh2 Nxf2 26. Nbd2 Qxe3 27. Nc4 Qh6+ 28. Kg1 Ng4 29. Qb6 Bd4+ 0-1

[Event "Berlin Spandau op"]
[Site "Berlin"]
[Date "2018.12.27"]
[Round "1"]
[White "Ijzermans, Cees"]
[Black "Krawatzki, Armin"]
[Result "1-0"]
[WhiteElo "2186"]
[BlackElo "1643"]
[PlyCount "57"]
[EventDate "2018.12.27"]
[EventType "swiss"]
[EventRounds "7"]
[EventCountry "GER"]
[SourceTitle "CBM 188 Extra"]
[Source "ChessBase"]
[SourceDate "2019.02.26"]
[SourceVersion "1"]
[SourceVersionDate "2019.02.26"]
[SourceQuality "1"]

1. d4 e6 2. c4 Nf6 3. Nf3 Bb4+ 4. Nbd2 b6 5. a3 Be7 6. g3 Bb7 7. Bg2 0-0 8. 0-0 d5 9. Ne5 Nbd7 10. b3 c5 11. cxd5 exd5 12. e3 cxd4 13. exd4 Bd6 14. Re1 Rc8 15. a4 Re8 16. Bb2 Nf8 17. Bh3 Rc7 18. Re3 Bc8 19. Bg2 Be6 20. h3 Qc8 21. Kh2 h5 22. Re1 Bf5 23. Qf3 Bg6 24. Rac1 Rc2 25. Red1 Re7 26. Nxg6 Nxg6 27. Nc4 Rxc1 28. Nxd6 Qc7 29. Bxc1 1-0

[Event "Vlissingen HZ op 22nd"]
[Site "Vlissingen"]
[Date "2018.08.09"]
[Round "7"]
[White "Ijzermans, Cees"]
[Black "Admiraal, Miguoel"]
[Result "1/2-1/2"]
[WhiteElo "2142"]
[BlackElo "2479"]
[PlyCount "107"]
[EventDate "2018.08.04"]
[EventType "swiss"]
[EventRounds "9"]
[EventCountry "NED"]
[SourceTitle "CBM 185 Extra"]
[Source "ChessBase"]
[SourceDate "2018.07.29"]
[SourceVersion "1"]
[SourceVersionDate "2018.07.29"]
[SourceQuality "1"]

1. d4 Nf6 2. c4 e6 3. Nf3 d5 4. Nc3 c6 5. e3 Nbd7 6. Bd3 dxc4 7. Bxc4 b5 8. Be2 Bb7 9. 0-0 a6 10. Bd2 c5 11. dxc5 Bxc5 12. b4 Bd6 13. a4 bxa4 14. b5 0-0 15. bxa6 Bxa6 16. Bxa6 Rxa6 17. Rxa4 Rxa4 18. Qxa4 Ne5 19. Nxe5 Bxe5 20. Nb1 Qd3 21. Qd1 Rd8 22. Qc1 h6 23. Ba5 Rb8 24. Rd1 Qf5 25. Rd8+ Rxd8 26. Bxd8 Bxh2+ 27. Kxh2 Ng4+ 28. Kg3 Qxf2+ 29. Kxg4 Qxg2+ 30. Kf4 Qf2+ 31. Kg4 Qg2+ 32. Kf4 g5+ 33. Bxg5 hxg5+ 34. Ke5 Qd5+ 35. Kf6 Qd8+ 36. Ke5 Qd5+ 37. Kf6 Qd8+ 38. Ke5 Kg7 39. Nc3 Qd3 40. e4 Kg6 41. Qe1 g4 42. Nd1 Qf3 43. Kd4 g3 44. Ne3 f6 45. Qd2 Qf4 46. Kd3 f5 47. exf5+ exf5 48. Qg2 Kg5 49. Ke2 Qe5 50. Qc6 Qb2+ 51. Qc2 Qb5+ 52. Kf3 f4 53. Qe4 fxe3 54. Qxe3+ 1/2-1/2

[Event "Vlissingen HZ op 21st"]
[Site "Vlissingen"]
[Date "2017.08.06"]
[Round "3"]
[White "Ijzermans, Cees"]
[Black "Burg, Henk"]
[Result "1-0"]
[WhiteElo "2138"]
[BlackElo "1808"]
[PlyCount "43"]
[EventDate "2017.08.05"]
[EventType "swiss"]
[EventRounds "9"]
[EventCountry "NED"]
[SourceTitle "CBM 179 Extra"]
[Source "ChessBase"]
[SourceDate "2017.08.23"]
[SourceVersion "1"]
[SourceVersionDate "2017.08.23"]
[SourceQuality "1"]

1. d4 Nf6 2. c4 b6 3. Nc3 Bb7 4. Nf3 e6 5. e3 Be7 6. Bd3 0-0 7. 0-0 d5 8. cxd5 exd5 9. Ne5 Nbd7 10. f4 Ne4 11. Qf3 f5 12. Bb5 Nxe5 13. dxe5 c6 14. Ba4 Kh8 15. Nxe4 dxe4 16. Qh5 b5 17. Bb3 g6 18. Qh6 Bc8 19. Rd1 Qb6 20. Bd2 c5 21. Bc3 Be6 22. Rd6 1-0

[Event "Vlissingen HZ op 21st"]
[Site "Vlissingen"]
[Date "2017.08.06"]
[Round "2"]
[White "Van Foreest, Lucas"]
[Black "Ijzermans, Cees"]
[Result "1-0"]
[WhiteElo "2467"]
[BlackElo "2138"]
[PlyCount "37"]
[EventDate "2017.08.05"]
[EventType "swiss"]
[EventRounds "9"]
[EventCountry "NED"]
[SourceTitle "CBM 179 Extra"]
[Source "ChessBase"]
[SourceDate "2017.08.23"]
[SourceVersion "1"]
[SourceVersionDate "2017.08.23"]
[SourceQuality "1"]

1. e4 e5 2. Nf3 Nc6 3. Bb5 Bc5 4. c3 Nf6 5. d4 Bb6 6. a4 a6 7. Bxc6 dxc6 8. Nxe5 c5 9. dxc5 Qe7 10. cxb6 Qxe5 11. 0-0 0-0 12. Qd4 Qxe4 13. Qxe4 Nxe4 14. bxc7 Bd7 15. Be3 Rac8 16. Bb6 Nf6 17. c4 Kh8 18. Nc3 Bc6 19. Rad1 1-0

[Event "Berlin Spandau op 2nd"]
[Site "Berlin"]
[Date "2016.12.28"]
[Round "4"]
[White "Ijzermans, Cees"]
[Black "Moehring, Peter"]
[Result "1-0"]
[WhiteElo "2095"]
[BlackElo "1865"]
[PlyCount "85"]
[EventDate "2016.12.27"]
[EventType "swiss"]
[EventRounds "7"]
[EventCountry "GER"]
[SourceTitle "CBM 176 Extra"]
[Source "ChessBase"]
[SourceDate "2017.03.02"]
[SourceVersion "1"]
[SourceVersionDate "2017.03.02"]
[SourceQuality "1"]

1. c4 Nf6 2. g3 e5 3. Bg2 Nc6 4. a3 a5 5. Nc3 Bc5 6. Nf3 d6 7. d3 h6 8. 0-0 0-0 9. Bd2 Be6 10. Na4 e4 11. Nxc5 dxc5 12. Ne1 exd3 13. Nxd3 Nd4 14. Nxc5 Bxc4 15. Be3 Nxe2+ 16. Kh1 Nxg3+ 17. hxg3 Bxf1 18. Qxf1 b6 19. Nd3 Rb8 20. Ne5 Qd6 21. Nc6 Rbe8 22. Rd1 Qe6 23. Bf4 Ne4 24. Rc1 g5 25. Bxc7 Rc8 26. Nd4 Qg4 27. Nb5 Rfe8 28. Kg1 Nd2 29. Qd3 Qe2 30. Qf5 Qe7 31. Bd5 Kg7 32. Qd3 Qe2 33. Qxe2 Rxe2 34. Nd4 Ree8 35. Nf5+ Kg6 36. Nd6 Rxc7 37. Rxc7 Re1+ 38. Kg2 g4 39. Rc2 Rd1 40. Bxf7+ Kg7 41. Nf5+ Kxf7 42. Ne3 Nf3 43. Rc7+ 1-0

[Event "Utrecht OKU op 43rd"]
[Site "Utrecht"]
[Date "2016.06.04"]
[Round "2"]
[White "Ootes, Lars"]
[Black "Ijzermans, Cees"]
[Result "0-1"]
[WhiteElo "2422"]
[BlackElo "2081"]
[PlyCount "116"]
[EventDate "2016.06.03"]
[EventType "swiss"]
[EventRounds "6"]
[EventCountry "NED"]
[SourceTitle "CBM 172 Extra"]
[Source "ChessBase"]
[SourceDate "2016.06.21"]
[SourceVersion "1"]
[SourceVersionDate "2016.06.21"]
[SourceQuality "1"]

1. e4 e5 2. Nf3 Nc6 3. Bb5 Bc5 4. 0-0 Nd4 5. Nxd4 Bxd4 6. c3 Bb6 7. d4 c6 8. Ba4 d6 9. Qd3 Qf6 10. Be3 Ne7 11. Nd2 0-0 12. Bc2 Ng6 13. dxe5 dxe5 14. Bxb6 axb6 15. Nc4 Nf4 16. Qf3 b5 17. Nb6 Nh3+ 18. Kh1 Qxf3 19. gxf3 Ra6 20. Nxc8 Rxc8 21. Bb3 Rd8 22. Kg2 Nf4+ 23. Kg1 Nh3+ 24. Kg2 Nf4+ 25. Kh1 c5 26. Rfd1 Rad6 27. Rxd6 Rxd6 28. Rd1 Rxd1+ 29. Bxd1 Nd3 30. Be2 c4 31. b3 Nc1 32. Bf1 Nxa2 33. bxc4 bxc4 34. Bxc4 Nxc3 35. Kg1 Nb1 36. Bd5 b5 37. Kf1 Kf8 38. Ke1 Ke7 39. Bb3 f6 40. Kd1 Kd6 41. Bg8 h6 42. Kc2 Na3+ 43. Kb3 b4 44. Kxb4 Nc2+ 45. Kc3 Ne1 46. Bc4 Nxf3 47. h3 Ng5 48. Kd3 Nxh3 49. Ke3 Nf4 50. Bf7 h5 51. Kf3 Kc5 52. Be8 Kd4 53. Bd7 Kd3 54. Bf5 Kd2 55. Bd7 Ke1 56. Kg3 Kf1 57. Bb5+ Kg1 58. f3 g5 0-1

[Event "Brasschaat op 15th"]
[Site "Brasschaat"]
[Date "2015.08.23"]
[Round "9"]
[White "Ijzermans, Cees"]
[Black "Boucquet, Emile"]
[Result "1-0"]
[WhiteElo "2022"]
[BlackElo "2161"]
[PlyCount "57"]
[EventDate "2015.08.15"]
[EventType "swiss"]
[EventRounds "9"]
[EventCountry "BEL"]
[SourceTitle "EXT 2016"]
[Source "ChessBase"]
[SourceDate "2015.10.08"]
[SourceVersion "1"]
[SourceVersionDate "2015.10.08"]
[SourceQuality "1"]

1. b4 d5 2. Bb2 Qd6 3. a3 e5 4. e3 Be6 5. Nf3 Nd7 6. d4 e4 7. Nfd2 c6 8. c4 Be7 9. Nc3 a6 10. b5 axb5 11. cxd5 Bxd5 12. Ndxe4 Qe6 13. Nxd5 Qxd5 14. Nc3 Qe6 15. Bd3 Nb6 16. 0-0 Nf6 17. e4 Nc4 18. Bxc4 Qxc4 19. Rc1 Qe6 20. d5 Qe5 21. Nxb5 Qxb2 22. Nc7+ Kd7 23. Nxa8 Rxa8 24. dxc6+ Ke8 25. Rb1 Qe5 26. cxb7 Rb8 27. f4 Qc5+ 28. Kh1 Nxe4 29. Qa4+ 1-0

[Event "Brasschaat op 15th"]
[Site "Brasschaat"]
[Date "2015.08.22"]
[Round "8"]
[White "Hovhannisyan, Mher"]
[Black "Ijzermans, Cees"]
[Result "1-0"]
[WhiteElo "2515"]
[BlackElo "2022"]
[PlyCount "35"]
[EventDate "2015.08.15"]
[EventType "swiss"]
[EventRounds "9"]
[EventCountry "BEL"]
[SourceTitle "EXT 2016"]
[Source "ChessBase"]
[SourceDate "2015.10.08"]
[SourceVersion "1"]
[SourceVersionDate "2015.10.08"]
[SourceQuality "1"]

1. Nf3 Nf6 2. g3 g6 3. Bg2 Bg7 4. 0-0 0-0 5. d4 d5 6. c4 c6 7. b3 Ne4 8. Bb2 Be6 9. Nbd2 Nxd2 10. Qxd2 dxc4 11. Ng5 Bc8 12. bxc4 e5 13. d5 c5 14. f4 h6 15. Nxf7 Rxf7 16. fxe5 Rxf1+ 17. Rxf1 Nd7 18. e6 1-0

[Event "Brasschaat op 15th"]
[Site "Brasschaat"]
[Date "2015.08.17"]
[Round "3"]
[White "Ijzermans, Cees"]
[Black "Izsak, Gyula"]
[Result "0-1"]
[WhiteElo "2022"]
[BlackElo "2445"]
[PlyCount "70"]
[EventDate "2015.08.15"]
[EventType "swiss"]
[EventRounds "9"]
[EventCountry "BEL"]
[SourceTitle "EXT 2016"]
[Source "ChessBase"]
[SourceDate "2015.10.08"]
[SourceVersion "1"]
[SourceVersionDate "2015.10.08"]
[SourceQuality "1"]

1. d4 d5 2. c4 e6 3. Nf3 c6 4. Nc3 f5 5. g3 Nf6 6. Bg2 Bd6 7. 0-0 0-0 8. b3 Bd7 9. Bf4 Bxf4 10. gxf4 Ne4 11. Qc1 Be8 12. Nxe4 fxe4 13. Ne5 Nd7 14. Nxd7 Qxd7 15. f3 exf3 16. Bxf3 dxc4 17. Qxc4 Rxf4 18. e3 Rf6 19. Bg2 Rxf1+ 20. Rxf1 Bg6 21. b4 Re8 22. a4 a6 23. Rf2 Bf7 24. Qc5 e5 25. dxe5 Qe7 26. Qa7 Qxb4 27. Bxc6 Qb1+ 28. Rf1 Qg6+ 29. Bg2 Bd5 30. Rf2 Bxg2 31. Rxg2 Qb1+ 32. Kf2 Rf8+ 33. Kg3 Qg6+ 34. Kh3 Qh5+ 35. Kg3 Rf3# 0-1

[Event "Brasschaat op 15th"]
[Site "Brasschaat"]
[Date "2015.08.15"]
[Round "1"]
[White "De Smet, Karl B"]
[Black "Ijzermans, Cees"]
[Result "0-1"]
[WhiteElo "1649"]
[BlackElo "2022"]
[PlyCount "67"]
[EventDate "2015.08.15"]
[EventType "swiss"]
[EventRounds "9"]
[EventCountry "BEL"]
[SourceTitle "EXT 2016"]
[Source "ChessBase"]
[SourceDate "2015.10.08"]
[SourceVersion "1"]
[SourceVersionDate "2015.10.08"]
[SourceQuality "1"]

1. e4 e5 2. Nc3 Nf6 3. Bc4 c6 4. d3 Bc5 5. Nf3 d6 6. 0-0 Bg4 7. h3 Bh5 8. Bd2 a5 9. a4 0-0 10. Qe2 Nbd7 11. Rfe1 Re8 12. Nd1 Nf8 13. c3 d5 14. Bb3 dxe4 15. dxe4 Bxf3 16. gxf3 Nh5 17. Kh2 Ng6 18. Rg1 Qh4 19. Bg5 Qxh3+ 20. Kxh3 Nhf4+ 21. Kh2 Nxe2 22. Rg4 h5 23. Rg2 Ngf4 24. Bxf4 Nxf4 25. Rg5 Rad8 26. Ne3 Rd2 27. Kg3 Rxb2 28. Bc4 h4+ 29. Kg4 Rxf2 30. Nf5 Rg2+ 31. Kxh4 Bf2+ 32. Ng3 g6 33. Bf1 Rg1 34. Kg4 0-1

[Event "Brasschaat op 14th"]
[Site "Brasschaat"]
[Date "2014.08.16"]
[Round "1"]
[White "Ijzermans, Cees"]
[Black "Dardha, Daniel"]
[Result "1-0"]
[WhiteElo "2009"]
[BlackElo "1623"]
[PlyCount "59"]
[EventDate "2014.08.16"]
[EventType "swiss"]
[EventRounds "9"]
[EventCountry "BEL"]
[SourceTitle "CBM 161 Extra"]
[Source "ChessBase"]
[SourceDate "2014.08.29"]
[SourceVersion "1"]
[SourceVersionDate "2014.08.29"]
[SourceQuality "1"]

1. e4 c5 2. Nf3 e6 3. Nc3 a6 4. g3 Nc6 5. Bg2 g6 6. 0-0 Bg7 7. Re1 Nge7 8. d3 d6 9. Ne2 0-0 10. c3 Qb6 11. Rb1 Bd7 12. Be3 Qa5 13. Nd2 Qxa2 14. Nc4 d5 15. Ra1 Qxa1 16. Qxa1 dxc4 17. dxc4 b6 18. Rd1 Rfd8 19. b4 Ne5 20. bxc5 Nxc4 21. cxb6 Nxe3 22. fxe3 Bb5 23. Rxd8+ Rxd8 24. Nd4 Bh6 25. Kf2 Bd3 26. Qa5 Rb8 27. Qc5 Bf8 28. Qc7 Rc8 29. Qxc8 Nxc8 30. b7 1-0

[Event "Vlissingen HZ op 17th"]
[Site "Vlissingen"]
[Date "2013.08.08"]
[Round "7"]
[White "Ijzermans, Cees"]
[Black "Maris, Ivo"]
[Result "0-1"]
[WhiteElo "1959"]
[BlackElo "2171"]
[PlyCount "72"]
[EventDate "2013.08.03"]
[EventType "swiss"]
[EventRounds "9"]
[EventCountry "NED"]
[SourceTitle "CBM 155 Extra"]
[Source "ChessBase"]
[SourceDate "2013.08.26"]
[SourceVersion "1"]
[SourceVersionDate "2013.08.26"]
[SourceQuality "1"]

1. e4 c5 2. c4 d6 3. Nc3 g6 4. d3 Bg7 5. g3 Nc6 6. Bg2 e5 7. Nge2 h5 8. h3 Be6 9. Nd5 Qd7 10. Nec3 Nd4 11. Bg5 f6 12. Be3 Ne7 13. Nxe7 Qxe7 14. Nd5 Qd7 15. f4 h4 16. g4 Bxd5 17. exd5 exf4 18. Bxd4 cxd4 19. 0-0 0-0 20. Qe1 Rae8 21. Qxh4 Re3 22. Kh1 g5 23. Qh5 Qe8 24. Qxe8 Rfxe8 25. Rfd1 f5 26. gxf5 f3 27. Bf1 g4 28. hxg4 Bf6 29. Rd2 Be5 30. g5 Kg7 31. f6+ Kg6 32. f7 Kxf7 33. g6+ Kxg6 34. Kg1 Rh8 35. b4 Bf4 36. c5 Rh5 0-1

[Event "Vlissingen HZ op 16th"]
[Site "Vlissingen"]
[Date "2012.08.10"]
[Round "8"]
[White "Stange, Sven"]
[Black "Ijzermans, Cees"]
[Result "1-0"]
[WhiteElo "2122"]
[BlackElo "1921"]
[PlyCount "87"]
[EventDate "2012.08.04"]
[EventType "swiss"]
[EventRounds "9"]
[EventCountry "NED"]
[SourceTitle "CBM 149 Extra"]
[Source "ChessBase"]
[SourceDate "2012.08.24"]
[SourceVersion "1"]
[SourceVersionDate "2012.08.24"]
[SourceQuality "1"]

1. d4 Nf6 2. c4 e5 3. dxe5 Ng4 4. Bf4 Nc6 5. Nf3 Bb4+ 6. Nbd2 Qe7 7. e3 Ngxe5 8. Nxe5 Nxe5 9. Be2 a5 10. 0-0 a4 11. a3 Bxd2 12. Qxd2 0-0 13. c5 d6 14. cxd6 cxd6 15. Rfd1 Rd8 16. Bxe5 Qxe5 17. Rac1 Be6 18. Rc7 Bb3 19. Rdc1 Bd5 20. Qd4 Qg5 21. Qg4 Qxg4 22. Bxg4 Bc6 23. Rd1 g6 24. h4 Kf8 25. Rd4 Ke8 26. Bh3 Ra5 27. Rf4 Bd5 28. Rb4 Rc5 29. Rxc5 dxc5 30. Rxa4 Bc6 31. Rc4 Rd1+ 32. Kh2 Rd2 33. Rxc5 Rxb2 34. Kg3 f5 35. Rc3 Kd7 36. f3 Kd6 37. Kf4 h6 38. h5 gxh5 39. Kxf5 Bd7+ 40. Kf4 Bxh3 41. gxh3 Rg2 42. Rd3+ Kc6 43. e4 h4 44. e5 1-0

[Event "Vlissingen HZ op 16th"]
[Site "Vlissingen"]
[Date "2012.08.04"]
[Round "1"]
[White "Ijzermans, Cees"]
[Black "Nyzhnyk, Illya"]
[Result "0-1"]
[WhiteElo "1921"]
[BlackElo "2619"]
[PlyCount "82"]
[EventDate "2012.08.04"]
[EventType "swiss"]
[EventRounds "9"]
[EventCountry "NED"]
[SourceTitle "CBM 149 Extra"]
[Source "ChessBase"]
[SourceDate "2012.08.24"]
[SourceVersion "1"]
[SourceVersionDate "2012.08.24"]
[SourceQuality "1"]

1. e4 c5 2. Nf3 d6 3. Nc3 a6 4. a4 Nf6 5. d4 cxd4 6. Nxd4 e5 7. Nb3 Be6 8. Bg5 Nbd7 9. Nd5 Rc8 10. c4 h6 11. Bxf6 Nxf6 12. Bd3 Be7 13. 0-0 a5 14. Nd2 0-0 15. Qe2 Nd7 16. Nb1 Bxd5 17. cxd5 Nc5 18. Bc2 Qb6 19. Na3 Qb4 20. Nb5 g6 21. Ra3 Kg7 22. h4 Na6 23. Bd1 Qc4 24. Qf3 Nc5 25. Re3 Qb4 26. b3 h5 27. g3 Nd7 28. Qg2 Nf6 29. Kh1 Rc1 30. f4 Rfc8 31. fxe5 dxe5 32. Qb2 Ng4 33. Bxg4 Rxf1+ 34. Kg2 Rcc1 35. Bxh5 gxh5 36. Qxe5+ Bf6 37. Qxh5 Qd2+ 38. Re2 Rg1+ 39. Kh3 Rh1+ 40. Kg2 Rcg1+ 41. Kf3 Qd3+ 0-1

[Event "Vlissingen HZ op 15th"]
[Site "Vlissingen"]
[Date "2011.08.06"]
[Round "9"]
[White "Porte, Henrik"]
[Black "Ijzermans, Cees"]
[Result "1-0"]
[WhiteElo "2119"]
[BlackElo "1900"]
[PlyCount "63"]
[EventDate "2011.07.30"]
[EventType "swiss"]
[EventRounds "9"]
[EventCountry "NED"]
[SourceTitle "CBM 143 Extra"]
[Source "ChessBase"]
[SourceDate "2011.08.29"]
[SourceVersion "1"]
[SourceVersionDate "2011.08.29"]
[SourceQuality "1"]

1. d4 Nf6 2. c4 e5 3. dxe5 Ng4 4. e4 Nxe5 5. f4 Ng6 6. Be3 Bb4+ 7. Nd2 d6 8. Bd3 0-0 9. Ngf3 Qe7 10. Qc2 Nc6 11. 0-0-0 a5 12. h4 Bxd2+ 13. Qxd2 h5 14. a3 Bg4 15. Rde1 a4 16. Nh2 Na5 17. Kb1 Bd7 18. Qe2 Bc6 19. e5 dxe5 20. Qxh5 Qd8 21. Rd1 e4 22. Bc2 Qxh4 23. Qe2 Nxf4 24. Bxf4 Qxf4 25. Ng4 Nxc4 26. g3 Qg5 27. Qxc4 Qxg4 28. Rh4 Qe6 29. Rdh1 g6 30. Rh8+ Kg7 31. Qd4+ Qf6 32. R1h7# 1-0

[Event "Vlissingen HZ op 15th"]
[Site "Vlissingen"]
[Date "2011.08.03"]
[Round "6"]
[White "Ijzermans, Cees"]
[Black "Rosmuller, Anton J"]
[Result "0-1"]
[WhiteElo "1900"]
[BlackElo "2091"]
[PlyCount "114"]
[EventDate "2011.07.30"]
[EventType "swiss"]
[EventRounds "9"]
[EventCountry "NED"]
[SourceTitle "CBM 143 Extra"]
[Source "ChessBase"]
[SourceDate "2011.08.29"]
[SourceVersion "1"]
[SourceVersionDate "2011.08.29"]
[SourceQuality "1"]

1. e4 c6 2. Nc3 d5 3. d4 h6 4. Bd3 dxe4 5. Bxe4 Nf6 6. Bf3 Bf5 7. Bf4 e6 8. g4 Bh7 9. Qd2 Nd5 10. Nxd5 cxd5 11. Ne2 Nc6 12. a3 Rc8 13. Nc3 Be7 14. Be2 a6 15. Rg1 b5 16. b4 Nxb4 17. axb4 Bxb4 18. Rg3 Qb6 19. Rb1 Qa5 20. Rb3 f6 21. Re3 g5 22. Bg3 Kf7 23. f4 Rc6 24. f5 exf5 25. Bf3 Rd8 26. gxf5 Bxf5 27. Kf1 Kg7 28. Be1 Bxc3 29. Rbxc3 Rxc3 30. Rxc3 Qb6 31. Bg3 Qe6 32. Rc7+ Rd7 33. Qc3 Be4 34. Rxd7+ Qxd7 35. Bxe4 dxe4 36. Qc5 h5 37. Bd6 Kg6 38. d5 Qf5+ 39. Ke1 e3 40. Qxe3 Qxd5 41. Qe8+ Kf5 42. Qc8+ Qe6+ 43. Qxe6+ Kxe6 44. Bb4 f5 45. Ke2 f4 46. Bd2 Kf5 47. Kf3 g4+ 48. Ke2 Ke4 49. Bc3 h4 50. Kf2 g3+ 51. hxg3 hxg3+ 52. Kg2 Ke3 53. Ba5 Ke2 54. Bb6 a5 55. Kh3 a4 56. Kg4 g2 57. Kxf4 a3 0-1

[Event "Vlissingen HZ op 15th"]
[Site "Vlissingen"]
[Date "2011.08.02"]
[Round "5"]
[White "Go, Benjamin"]
[Black "Ijzermans, Cees"]
[Result "1-0"]
[WhiteElo "2124"]
[BlackElo "1900"]
[PlyCount "47"]
[EventDate "2011.07.30"]
[EventType "swiss"]
[EventRounds "9"]
[EventCountry "NED"]
[SourceTitle "CBM 143 Extra"]
[Source "ChessBase"]
[SourceDate "2011.08.29"]
[SourceVersion "1"]
[SourceVersionDate "2011.08.29"]
[SourceQuality "1"]

1. e4 c5 2. b4 b6 3. bxc5 bxc5 4. Nc3 Nc6 5. Nf3 Qa5 6. Bc4 g6 7. Rb1 Bg7 8. 0-0 a6 9. Nd5 e6 10. Re1 Nge7 11. d3 d6 12. Nb6 Rb8 13. Bd2 Nb4 14. Nxc8 Rxc8 15. a3 Qxa3 16. c3 Nbc6 17. Ra1 Qb2 18. Rb1 Qa3 19. Ra1 Qb2 20. Ra2 Qb8 21. Bxa6 Rd8 22. Qa1 0-0 23. Rb1 Nb4 24. d4 1-0

[Event "NBSB-chB"]
[Site "Roosendaal"]
[Date "2009.08.30"]
[Round "6"]
[White "Ijzermans, Cees"]
[Black "Zwaan, Peter"]
[Result "1-0"]
[WhiteElo "1818"]
[BlackElo "1791"]
[PlyCount "95"]
[EventDate "2009.08.28"]
[EventType "swiss (rapid)"]
[EventRounds "6"]
[EventCountry "NED"]
[SourceTitle "CBM 132 Extra"]
[Source "ChessBase"]
[SourceDate "2009.11.03"]
[SourceVersion "1"]
[SourceVersionDate "2009.11.03"]
[SourceQuality "1"]

1. e4 g6 2. d4 d6 3. Be3 Nf6 4. f3 Bg7 5. Nc3 c6 6. Qd2 Nbd7 7. 0-0-0 b5 8. g4 a6 9. Bh6 Bxh6 10. Qxh6 Qa5 11. Kb1 b4 12. Nce2 Nb6 13. Ng3 Be6 14. b3 0-0-0 15. Bh3 Ne8 16. Qc1 Nc7 17. Bf1 f5 18. gxf5 gxf5 19. Bd3 Kb7 20. N1e2 Nb5 21. Qg5 Rhe8 22. Bxb5 Qxb5 23. Nf4 Bd7 24. d5 c5 25. Nxf5 Bxf5 26. Qxf5 c4 27. Ne6 c3 28. Nxd8+ Rxd8 29. Qxh7 a5 30. Qxe7+ Rd7 31. Qf8 a4 32. Rhe1 axb3 33. cxb3 c2+ 34. Kxc2 Qc5+ 35. Kb1 Qc3 36. Rc1 Qd3+ 37. Rc2 Rc7 38. Rec1 Rxc2 39. Rxc2 Qd1+ 40. Kb2 Qd4+ 41. Kc1 Qg1+ 42. Kd2 Qf2+ 43. Kd3 Qf1+ 44. Ke3 Qe1+ 45. Re2 Qg1+ 46. Kf4 Qg6 47. Qe7+ Ka6 48. h4 1-0

[Event "NBSB-chB"]
[Site "Roosendaal"]
[Date "2009.08.29"]
[Round "2"]
[White "Ijzermans, Cees"]
[Black "Vogelesang, Sander"]
[Result "0-1"]
[WhiteElo "1818"]
[BlackElo "1908"]
[PlyCount "20"]
[EventDate "2009.08.28"]
[EventType "swiss (rapid)"]
[EventRounds "6"]
[EventCountry "NED"]
[SourceTitle "CBM 132 Extra"]
[Source "ChessBase"]
[SourceDate "2009.11.03"]
[SourceVersion "1"]
[SourceVersionDate "2009.11.03"]
[SourceQuality "1"]

1. e4 d5 2. exd5 Nf6 3. Nc3 Nxd5 4. d3 b6 5. Nxd5 Qxd5 6. Qf3 Bb7 7. Be2 Qa5+ 8. b4 Qxb4+ 9. Bd2 Bxf3 10. Bxb4 Bxg2 0-1